000 01217cam a22003497a 4500
003 CHAP
005 20220329141129.0
008 971010s1980 r 00010 d
010 _a63108
011 _a64080
035 _a69182
040 _cCHAP
082 _a631.46
_bJ4
100 0 0 _aJenny, Hans.
_961349
245 1 4 _aThe soil resource
_b: origen and behavior
260 _aNew York :
_bSpringer-Verlag,
_c1980
300 _a377 p.
_b: ilus.; gráfs.
490 0 _aEcological studies
_v; 37
590 _aBATCH-UPD
_b10
_c20130110
_lUCH01
_h1525
590 _aBATCH-UPD
_b10
_c20130410
_lUCH01
_h0935
590 _aBATCH-UPD
_b10
_c20130914
_lUCH01
_h1253
590 _aCONVERSION
_b10
_c20130109
_lUCH01
_h1334
650 1 4 _aSuelos
_xEcología.
_9110343
650 1 4 _aSuelos
_xFormación.
_9110377
830 0 _aEcological studies
_v; 37
_935133
901 _aBK
942 _cLIBRO
949 _a631.46 J4
_bBC
_cLIBRO
_d33724000078226
_eLIBRO
_fc.3
_h54659
_i69182
_si
_t787.00
949 _a631.46 J4
_bBC
_cLIBRO
_d33724000078234
_eLIBRO
_h53909
_i69182
_si
_t787.00
949 _a631.46 J4
_bBC
_cLIBRO
_d33724000078242
_eLIBRO
_fc.2
_h54658
_i69182
_si
949 _a631.46 J4
_bS
_cLIBRO
_d-1352
_eLIBRO
_gI. 150998
_h3441
_i69182
_si
999 _c63108
_d63108